Statistics for Countries that Beat Morocco

Click here to take the quiz!

General Stats

  • This quiz has been taken 313 times
    (191 since last reset)
  • The average score is 9 of 15

Answer Stats

RankCategoryCountries% Correct
3Highest position in 2022 FIFA World CupArgentina | France | Croatia
92%
2Source of the most migrants in France [1]Algeria
89%
7Olive oil production [2]Spain | Italy | Greece | Tunisia | Turkey | Syria
88%
6Tea consumption per-capita [3]Turkey | Ireland | United Kingdom | Iran | Russia
80%
3Most populous starting with MMexico | Myanmar
72%
5Richest monarch [4]Thailand | Brunei | Saudi Arabia | United Arab Emirates
71%
2Closest African country to the U.S.Cape Verde
64%
5Most elite marathoners [8]Kenya | Ethiopia | Japan | United States
62%
6Youngest current monarchQatar | Bhutan | Eswatini | Spain | Netherlands
56%
5Most recent to abolish slaveryMauritania | Oman | Yemen | Saudi Arabia
48%
2African country with the most points
at the FIFA World Cup [6]
Cameroon
47%
4Source of the most immigrants in Israel [7]Soviet Union | Poland | Romania
39%
2Nationality of the tallest living personTurkey
32%
3Closest country to the prime meridian
that does not touch it
Niger | Benin
30%
4 (t)Lowest homicide rate in Africa [5]Senegal | Guinea-Bissau | Benin
30%

Score Distribution

Percentile by Number Answered

Percent of People with Each Score

Your Score History

You have not taken this quiz since the last reset